La vérité sur l'affaire Harry Quebert - Statistiques

Statistiques générales
  • Ce quiz a été pris 15 fois
  • Le résultat moyen est 6 sur 13
Statistiques - réponses
Questions Réponses % Correct
De quelle couleur est la robe de Nola le jour de son assassinat ? Rouge
86%
Le célèbre restaurant de Sommerdale Clark's
79%
Depuis quelle année Harry est-il propriétaire de la propriété de Goose Cove ? 1976
71%
La patronne du Clark's en 1975 Tamara Quinn
71%
Comment Nola veut-elle qu'Harry nomme son labrador ? Storm
64%
Comment s'appelle l'assistante de Marcus Goldman ? Denise
57%
En quelle année est morte la mère de Nola ? 1966
50%
Quelle inscription a été déposée sur la page de garde du manuscrit enterré avec Nola ? Adieu ma Nola chérie
36%
Sous quel nom est publié le livre "Les mouettes de Sommerdale" ? Luther Caleb
14%
Quel titre détenait Jenny Quinn dans sa jeunesse ? Reine de beauté
14%
Le nom du motel où Harry et Nola devaient se retrouver avant de partir pour le Canada By the sea
7%
Quel est le principal mécène du gala d'été à Sommerdale ? Elia Stern
7%
Le nom de la nouvelle écrite par Marcus Goldman Etoiles filantes
0%
Aucun quiz correspondant
Distribution des résultats
% des personnes avec chaque résultat
Percentile par nombre de réponses
Votre historique - résultats
Vous n’avez pas pris ce quiz